000 00715nam a22002297a 4500
999 _c8266
_d8266
001 21788
003 BD-DhUAP
005 20230405121949.0
008 121226s2012 bg 000 | eng d
020 _a9789845062558
040 _aDLC
_beng
_cBD-DhUAP
_dBD-DhUAP
082 0 4 _a821 HAQ
_223
100 1 _aHaq, Kaiser.
245 1 0 _aPublished in the streets of Dhaka :
_bcollected poems : with new poems including "Ode on the lungi" /
_cKaiser Haq.
250 _a2nd revised ed.
260 _aDhaka :
_bUniversity Press Limited,
_c2012.
300 _axiv, 296 p. ;
_c22 cm.
500 _aPoetry.
650 _aBangladeshi poetry (English).
942 _2ddc
_cBK